000 02245nam a2200421 c 4500
999 _c344647
_d344647
003 BLK
005 20191001124958.0
008 180911b bul|||||r ||||||| ||bul||
010 _a004313
040 _aBLK
041 _aFRE
_cBUL
080 _z840(081)840-2
100 1 _aLABICHE, Eugene
_eпърви автор
_916292
245 0 0 _aTheatre complet
_nVol. 2
_pLe voyage de monsieur Perrichon; La grammaire ; La petits oiseaux - La poudre aux yeux ; Les vivacites du capitaine Tic
260 _aParis
_bCalmann-levy
_cs.a
300 _c19 см
380 _a82
490 _aЧастна колекция - Академик Михаил Арнаудов
_gДарение - Основен фонд
500 _aМихаил Арнаудов: негови-книга. - Михаил Арнаудов: подпис ; Печат : "Софийски центр. затвор ВНЕСЕНО София, 26. IV. 1945 г. Дежурен надзирател и подпис" на корицата ; на форзаца "Разрешавам 26. IV 945"
520 _a
653 _aдрама
653 _aсборници
655 _aЛитературознание
_9396446
700 1 _aEugene Labiche
_9397663
700 1 _a Pref. Emile Augier
_9396934
760 _h513 с.
_oVol. 2
_tLe voyage de monsieur Perrichon; La grammaire ; La petits oiseaux - La poudre aux yeux ; Les vivacites du capitaine Tic
852 _aМА 936
942 _cKNG
_n0
_s1
944 _aCR
_c1996
_kValK
999 _d344647